00560 2200181 4500001002100000005001500021035002000036007000300056008004100059082001200100084001800112100002500130245006000155260003200215500010300247650001100350856001700361INLIS00000000000024120220315072929 a0010-0322000039ta220315 g 0 ind  a297.125 a297.125 ABU m0 aAbu Iqbal Al-Mahalli1 aMuslimah Modern :bDalam Bingkai Al-Quran dan Al-Hadits aYogyakarta :bLeKPIM,c2003 aPeradaban dunia baru telah mengantar manusia kepada cara berpikir dan bersikap secara "baru" pula. 4aHadits aKoleksi Umum